Visual telephony / (Record no. 175863)
[ view plain ]
| 000 -LEADER | |
|---|---|
| fixed length control field | 00821 a2200217 4500 |
| 003 - CONTROL NUMBER IDENTIFIER | |
| control field | Nust |
| 005 - DATE AND TIME OF LATEST TRANSACTION | |
| control field | 20170207152512.0 |
| 010 ## - LIBRARY OF CONGRESS CONTROL NUMBER | |
| LC control number | 99010794 |
| 020 ## - INTERNATIONAL STANDARD BOOK NUMBER | |
| International Standard Book Number | 1580530230 (alk. paper) |
| 040 ## - CATALOGING SOURCE | |
| Transcribing agency | Nust |
| 082 00 - DEWEY DECIMAL CLASSIFICATION NUMBER | |
| Classification number | 621.385 |
| 100 1# - MAIN ENTRY--PERSONAL NAME | |
| Personal name | Daly, Edward A. |
| 245 10 - TITLE STATEMENT | |
| Title | Visual telephony / |
| Statement of responsibility, etc. | Edward A. Daly, Kathleen J. Hansell. |
| 260 ## - PUBLICATION, DISTRIBUTION, ETC. | |
| Place of publication, distribution, etc. | Boston : |
| Name of publisher, distributor, etc. | Artech House, |
| Date of publication, distribution, etc. | c1999. |
| 300 ## - PHYSICAL DESCRIPTION | |
| Extent | xvii, 278 p. : |
| Other physical details | ill. ; |
| Dimensions | 24 cm. |
| 440 #0 - SERIES STATEMENT/ADDED ENTRY--TITLE | |
| Title | Artech House telecommunications library |
| 505 ## - FORMATTED CONTENTS NOTE | |
| Formatted contents note | PART-1 Getting Started With Visual Telephony (Page-1),PART-2 Applications and Typical Installations Page-19), PART-3 Equiment and Environment (Page-67),PART-4 Networking (Page-141),PART-5 Financial Analysis (Page-205), |
| 538 ## - SYSTEM DETAILS NOTE | |
| System details note | Almirah No.27 Shelf No.2 |
| 650 #0 - SUBJECT ADDED ENTRY--TOPICAL TERM | |
| Topical term or geographic name entry element | Video telephone industry. |
| 700 1# - ADDED ENTRY--PERSONAL NAME | |
| Personal name | Hansell, Kathleen Jane. |
| 942 ## - ADDED ENTRY ELEMENTS (KOHA) | |
| Koha item type | Reference |
| Withdrawn status | Lost status | Source of classification or shelving scheme | Damaged status | Not for loan | Collection code | Permanent Location | Current Location | Date acquired | Total Checkouts | Full call number | Barcode | Date last seen | Price effective from | Koha item type |
|---|---|---|---|---|---|---|---|---|---|---|---|---|---|---|
| Military College of Signals (MCS) | Military College of Signals (MCS) | 12/12/2016 | 621.385 DAL | MCS27739 | 12/08/2016 | 12/12/2016 | Book |
